A palaeographic study of early writing in Egypt /

محفوظ في:

المؤلف الرئيسي: Regulski, Ilona (مؤلف)

التنسيق: كتاب

اللغة: English

منشور في: Leuven ; Walpole, MA : Peeters : Departement Oosterse Studies, 2010.

سلاسل: Orientalia Lovaniensia Analecta ; 195.
OLA ; 195.

الموضوعات:

الوسوم: إضافة وسم

لا توجد وسوم, كن أول من يضع وسما على هذه التسجيلة!

رقم الطلب: DS1 .O7 v.195

LEADER 01048namaa2200289 4500
001 22394
003 OSt
005 20211104133107.0
008 130303s2010 be a g m 000 0 eng d
952 |0 0  |1 0  |2 lcc  |3 v.195  |4 0  |6 DS0001 O7 V.00195  |7 1  |9 22002  |a ARCE  |b ARCE  |d 2021-11-04  |l 0  |o DS1 .O7 v.195  |p 1015841  |r 2021-11-04 00:00:00  |w 2021-11-04  |y BK 
999 |c 21378  |d 21378 
020 |a 9789042923263 
040 |c ARCE Library 
050 4 |a DS1 .O7 v.195 
100 1 |a Regulski, Ilona,  |e author  |9 38296 
245 1 2 |a A palaeographic study of early writing in Egypt /  |c by Ilona Regulski. 
264 1 |a Leuven ;  |a Walpole, MA :  |b Peeters :  |b Departement Oosterse Studies,  |c 2010. 
300 |a x, 827 pages :  |b Illustrations (partly color) ;  |c 31 cm. 
490 1 |a Orientalia Lovaniensia Analecta ;   |v 195. 
490 1 |a OLA ;   |v 195. 
504 |a Includes bibliographical references. 
555 |a Nabil 
610 2 0 |a Egyptian language  |x Writing. 
830 0 |a Orientalia Lovaniensia Analecta ;   |v 195. 
830 0 |a OLA ;   |v 195. 
901 |a reviewed 
942 |c BK  |2 lcc